Macroeconomics: the measurement, analysis, and control of aggregate economic activity

Salvato in:
Dettagli Bibliografici
Autori principali: Dernburg, Thomas Frederick (Autore), McDougall, Duncan M (Autore)
Natura: Libro
Lingua:inglese
Pubblicazione: Nueva York McGraw-Hill 1976
Edizione:5a. ed
Soggetti:
Tags: Aggiungi Tag
Nessun Tag, puoi essere il primo ad aggiungerne!!

MARC

LEADER 00000nam a2200000 a 4500
001 UCU2510
003 CL-VaPUC
008 960426e19760000US |||||||||||||||||eng|d
082 0 4 |a 339  |b DER  |2 21 
100 0 |a Dernburg, Thomas Frederick  |e author  |9 358712 
700 0 |a McDougall, Duncan M  |e author  |9 358713 
245 1 0 |a Macroeconomics: the measurement, analysis, and control of aggregate economic activity 
250 |a 5a. ed 
300 |a 465 p 
942 |c BK 
945 |d 19960426 00:00:00  |a cmena 
260 |a Nueva York  |b McGraw-Hill  |c 1976 
650 0 |a Macroeconomía   |9 260301 
650 0 |a Economía   |9 255568 
650 0 |a Análisis macroeconómico  |9 358711 
650 0 |a Teorías económicas  |9 270968 
650 0 |a Política económica   |9 255029 
650 0 |a Desarrollo económico y social   |9 256320 
583 |a last modification  |c 19960426 00:00:00  |k Rodrigo Vera 
999 |c 246784  |d 246782 
952 |0 0  |1 0  |4 0  |6 339_000000000000000_DER_1976  |7 0  |8 A  |9 261999  |a BIBING  |b BIBING  |d 2019-11-19  |i 164467K  |o 339 DER 1976  |p 164467K  |r 2025-01-20  |w 2019-11-19  |y BK  |k ING